[Event "Gligoric Cup 4th"]
[Site "Novi Banovci"]
[Date "2017.05.28"]
[Round "5.4"]
[White "Skopljak, Zeljko"]
[Black "Rabrenovic, Vladan"]
[Result "0-1"]
[WhiteElo "1939"]
[BlackElo "2337"]
[PlyCount "50"]
[EventDate "2017.05.25"]
[EventType "team-swiss"]
[EventRounds "5"]
[EventCountry "SRB"]
[SourceTitle "CBM 178 Extra"]
[Source "ChessBase"]
[SourceDate "2017.06.22"]
[SourceVersion "1"]
[SourceVersionDate "2017.06.22"]
[SourceQuality "1"]
[WhiteTeam "Vojka Sremac"]
[BlackTeam "Gornji Milanovac Metalac"]
[WhiteTeamCountry "SRB"]
[BlackTeamCountry "SRB"]

1. d4 d6 2. c4 g6 3. Nc3 Bg7 4. Nf3 Nd7 5. e4 e5 6. d5 a5 7. Be2 Nc5 8. b3 Bd7 9. 0-0 Nf6 10. Qc2 0-0 11. Be3 Ng4 12. Bxc5 dxc5 13. h3 Nh6 14. Rab1 f6 15. a3 Re8 16. b4 axb4 17. axb4 cxb4 18. Rxb4 b6 19. Ne1 Bf8 20. Rb1 f5 21. f3 Bc5+ 22. Kh2 f4 23. Nd3 Be3 24. Rfd1 Qh4 25. Bf1 Bxh3 0-1

[Event "Gligoric Cup 4th"]
[Site "Novi Banovci"]
[Date "2017.05.25"]
[Round "1.9"]
[White "Paroski, Sinisa"]
[Black "Skopljak, Zeljko"]
[Result "1/2-1/2"]
[WhiteElo "2213"]
[BlackElo "1939"]
[PlyCount "67"]
[EventDate "2017.05.25"]
[EventType "team-swiss"]
[EventRounds "5"]
[EventCountry "SRB"]
[SourceTitle "CBM 178 Extra"]
[Source "ChessBase"]
[SourceDate "2017.06.22"]
[SourceVersion "1"]
[SourceVersionDate "2017.06.22"]
[SourceQuality "1"]
[WhiteTeam "Srbobran"]
[BlackTeam "Vojka Sremac"]
[WhiteTeamCountry "SRB"]
[BlackTeamCountry "SRB"]

1. e4 e6 2. d4 c5 3. Nf3 d5 4. exd5 exd5 5. Nc3 Nf6 6. Bg5 Be6 7. Bb5+ Nc6 8. Ne5 Qb6 9. Bxc6+ bxc6 10. Na4 Qa5+ 11. c3 Ne4 12. Be3 Qc7 13. 0-0 Bd6 14. f3 Nf6 15. f4 c4 16. b3 cxb3 17. axb3 0-0 18. Nc5 Bxc5 19. dxc5 Ne4 20. Bd4 f6 21. Nd3 Rfe8 22. Ra6 Bc8 23. Ra2 a5 24. Re1 Ba6 25. g3 Bxd3 26. Qxd3 Reb8 27. c4 Qb7 28. cxd5 cxd5 29. Rea1 Qb4 30. Ra4 Nxc5 31. Rxb4 Nxd3 32. Rxb8+ Rxb8 33. Rxa5 Rxb3 34. Rxd5 1/2-1/2